[Event "CP-2011-Q-00006"]
[Site "LSS email"]
[Date "2013.01.14"]
[Round "?"]
[White "Filippov, Dmitry"]
[Black "Ghyssens, Dirk"]
[Result "0-1"]
[WhiteElo "1665"]
[BlackElo "2248"]
[PlyCount "79"]
[EventDate "2013.01.20"]
[EventType "tourn (corr)"]
[EventRounds "6"]
[EventCountry "GER"]
[SourceTitle "Telechess CBM 167"]
[Source "ChessBase"]
[SourceDate "2015.07.13"]
[SourceVersion "1"]
[SourceVersionDate "2015.07.13"]
[SourceQuality "1"]

1. e4 e5 2. Nf3 Nc6 3. Bb5 a6 4. Ba4 Nf6 5. 0-0 Be7 6. Re1 b5 7. Bb3 d6 8. c3 0-0 9. h3 Na5 10. Bc2 c5 11. d4 cxd4 12. cxd4 Bb7 13. d5 Nc4 14. a4 Nb6 15. Nc3 b4 16. Ne2 a5 17. Ng3 Nfd7 18. Bd3 Nc5 19. Bb5 Ba6 20. Bxa6 Nxa6 21. b3 Nd7 22. Be3 Rc8 23. Rc1 g6 24. Rxc8 Qxc8 25. Nd2 Qc7 26. Qg4 Nac5 27. Nf5 Nf6 28. Nxe7+ Qxe7 29. Qf3 Nfd7 30. Bh6 Ra8 31. Qg3 Rc8 32. h4 Nb7 33. Nc4 Ndc5 34. h5 Rc7 35. Nb6 f6 36. Na8 Rc8 37. hxg6 Rxa8 38. Re3 Kh8 39. gxh7 Qf7 40. Qh3 0-1

[Event "CP-2011-Q-00006"]
[Site "LSS email"]
[Date "2013.01.14"]
[Round "?"]
[White "Filippov, Dmitry"]
[Black "Pely, Giora"]
[Result "0-1"]
[WhiteElo "1665"]
[BlackElo "2143"]
[PlyCount "74"]
[EventDate "2013.01.20"]
[EventType "tourn (corr)"]
[EventRounds "6"]
[EventCountry "GER"]
[SourceTitle "Telechess CBM 167"]
[Source "ChessBase"]
[SourceDate "2015.07.13"]
[SourceVersion "1"]
[SourceVersionDate "2015.07.13"]
[SourceQuality "1"]

1. e4 c5 2. Nf3 Nc6 3. d4 cxd4 4. Nxd4 Nf6 5. Nc3 e5 6. Ndb5 d6 7. Bg5 a6 8. Na3 b5 9. Nd5 Be7 10. Bxf6 Bxf6 11. c3 0-0 12. Nc2 Bg5 13. a4 bxa4 14. Rxa4 a5 15. Bc4 Rb8 16. b3 Kh8 17. Nce3 g6 18. 0-0 f5 19. Qd3 f4 20. Nc2 f3 21. g3 h5 22. Rfa1 h4 23. Ne1 hxg3 24. hxg3 Qd7 25. Nxf3 Bd8 26. b4 Kg7 27. b5 Ne7 28. Rxa5 Nxd5 29. Bxd5 Bb6 30. R1a2 Qc7 31. Ra6 Rf6 32. Rxb6 Qxb6 33. c4 Bd7 34. Ra6 Qc5 35. Qa3 Qxa3 36. Rxa3 Be6 37. Nd2 Rbf8 0-1

[Event "CP-2011-Q-00006"]
[Site "LSS email"]
[Date "2013.01.14"]
[Round "?"]
[White "Rychkov, Sergej"]
[Black "Filippov, Dmitry"]
[Result "1-0"]
[WhiteElo "2142"]
[BlackElo "1665"]
[PlyCount "47"]
[EventDate "2013.01.20"]
[EventType "tourn (corr)"]
[EventRounds "6"]
[EventCountry "GER"]
[SourceTitle "Telechess CBM 167"]
[Source "ChessBase"]
[SourceDate "2015.07.13"]
[SourceVersion "1"]
[SourceVersionDate "2015.07.13"]
[SourceQuality "1"]

1. d4 d5 2. c4 c6 3. Nf3 Nf6 4. Nc3 e6 5. g3 dxc4 6. Bg2 b5 7. Ne5 a6 8. a4 Bb7 9. Bg5 Qc7 10. 0-0 Bd6 11. axb5 cxb5 12. Bxb7 Qxb7 13. Bxf6 gxf6 14. Nf3 Nd7 15. Qd2 Be7 16. Qf4 Rg8 17. Rfd1 Kf8 18. d5 Rg7 19. Ne4 Kg8 20. e3 Qa7 21. Rd2 f5 22. dxe6 fxe6 23. Rad1 Nf8 24. Nd6 1-0

[Event "BI-2011-F-00003"]
[Site "LSS email"]
[Date "2012.02.12"]
[Round "?"]
[White "Filippov, Dmitry"]
[Black "Kuhne, Detlev"]
[Result "1/2-1/2"]
[WhiteElo "1673"]
[BlackElo "2312"]
[PlyCount "74"]
[EventDate "2012.02.15"]
[EventType "tourn (corr)"]
[EventRounds "10"]
[EventCountry "GER"]
[SourceTitle "Telechess CBM 165"]
[Source "ChessBase"]
[SourceDate "2015.03.11"]
[SourceVersion "1"]
[SourceVersionDate "2015.03.11"]
[SourceQuality "1"]

1. d4 Nf6 2. c4 e6 3. Nc3 Bb4 4. Qc2 0-0 5. a3 Bxc3+ 6. Qxc3 b6 7. Bg5 Bb7 8. f3 h6 9. Bh4 d5 10. e3 Nbd7 11. cxd5 Nxd5 12. Bxd8 Nxc3 13. Bh4 Nd5 14. Bf2 c5 15. e4 Ne7 16. Ne2 Rac8 17. Nc3 cxd4 18. Bxd4 Nc5 19. Rd1 Rfd8 20. Be2 Nb3 21. Be3 Rxd1+ 22. Bxd1 Na5 23. Be2 Nc4 24. Bxc4 Rxc4 25. Kf2 Rc8 26. Rd1 Bc6 27. Rd6 e5 28. b4 Be8 29. Bd2 Nc6 30. Nd5 Kh7 31. Bc3 Nd8 32. Ne3 Nb7 33. Rd3 f6 34. Bb2 Rc6 35. a4 Rd6 36. Rxd6 Nxd6 37. b5 Bf7 1/2-1/2

[Event "BI-2011-F-00003"]
[Site "LSS email"]
[Date "2012.02.12"]
[Round "?"]
[White "Filippov, Dmitry"]
[Black "Simal Moreira, Leonardo"]
[Result "1-0"]
[WhiteElo "1673"]
[BlackElo "2195"]
[PlyCount "99"]
[EventDate "2012.02.15"]
[EventType "tourn (corr)"]
[EventRounds "10"]
[EventCountry "GER"]
[SourceTitle "Telechess CBM 165"]
[Source "ChessBase"]
[SourceDate "2015.03.11"]
[SourceVersion "1"]
[SourceVersionDate "2015.03.11"]
[SourceQuality "1"]

1. e4 e5 2. Nf3 Nc6 3. Bb5 a6 4. Ba4 Nf6 5. 0-0 b5 6. Bb3 Bb7 7. d3 Be7 8. Nc3 0-0 9. Bd2 d6 10. Nd5 Nxd5 11. Bxd5 Qc8 12. Re1 Nd8 13. d4 c6 14. Bb3 c5 15. c3 c4 16. Bc2 Qc7 17. d5 Bc8 18. h3 Bd7 19. b4 a5 20. a4 axb4 21. cxb4 f5 22. exf5 bxa4 23. Bg5 Bf6 24. Bxf6 Rxf6 25. Ng5 Bxf5 26. Bxf5 Rxf5 27. Rxa4 Rb8 28. Ne4 Rf4 29. Qe2 h6 30. Rea1 c3 31. g3 Rf8 32. h4 Kh8 33. b5 Qb6 34. Rb4 Rc8 35. Ra2 Nb7 36. Ra6 Qd8 37. Rc6 Na5 38. Rxc3 Rxc3 39. Nxc3 Nb7 40. Ne4 Qb6 41. Qc2 Nc5 42. Nxc5 dxc5 43. Rb2 Qd6 44. Qe4 Rb8 45. h5 Kg8 46. b6 Rxb6 47. Rxb6 Qxb6 48. Qxe5 Kf7 49. d6 Qd8 50. Qxc5 1-0

[Event "BI-2011-F-00003"]
[Site "LSS email"]
[Date "2012.02.12"]
[Round "?"]
[White "Filippov, Dmitry"]
[Black "Ziljbershtejn, Dmitrij"]
[Result "1/2-1/2"]
[WhiteElo "1673"]
[BlackElo "1824"]
[PlyCount "53"]
[EventDate "2012.02.15"]
[EventType "tourn (corr)"]
[EventRounds "10"]
[EventCountry "GER"]
[SourceTitle "Telechess CBM 165"]
[Source "ChessBase"]
[SourceDate "2015.03.11"]
[SourceVersion "1"]
[SourceVersionDate "2015.03.11"]
[SourceQuality "1"]

1. e4 c5 2. Nf3 d6 3. d4 cxd4 4. Nxd4 Nf6 5. Nc3 a6 6. Be3 e5 7. Nb3 Be6 8. Qf3 Be7 9. h3 0-0 10. g4 a5 11. 0-0-0 a4 12. Nc5 a3 13. g5 Ne8 14. Nxe6 fxe6 15. Qg4 axb2+ 16. Kxb2 Qc8 17. Nd5 Bd8 18. h4 Na6 19. Bh3 Nc5 20. Bxc5 Qxc5 21. Qxe6+ Kh8 22. Ne3 Ra6 23. Rd3 Nc7 24. Qc4 Qa7 25. Bd7 b5 26. Qb3 Ra4 27. Ra1 1/2-1/2

[Event "BI-2011-F-00003"]
[Site "LSS email"]
[Date "2012.02.12"]
[Round "?"]
[White "Moskalenko, Eduard"]
[Black "Filippov, Dmitry"]
[Result "0-1"]
[WhiteElo "2109"]
[BlackElo "1673"]
[PlyCount "112"]
[EventDate "2012.02.15"]
[EventType "tourn (corr)"]
[EventRounds "10"]
[EventCountry "GER"]
[SourceTitle "Telechess CBM 165"]
[Source "ChessBase"]
[SourceDate "2015.03.11"]
[SourceVersion "1"]
[SourceVersionDate "2015.03.11"]
[SourceQuality "1"]

1. e4 c5 2. Nf3 d6 3. d4 cxd4 4. Nxd4 Nf6 5. Nc3 a6 6. Bg5 e6 7. f4 Qb6 8. Qd2 Qxb2 9. Rb1 Qa3 10. e5 h6 11. Bxf6 gxf6 12. Ne4 fxe5 13. Rb3 Qa4 14. fxe5 dxe5 15. Nf6+ Ke7 16. Nf5+ Kxf6 17. Qd8+ Kxf5 18. Bd3+ e4 19. 0-0+ Ke5 20. Qf6+ Kd6 21. Qxh8 Nd7 22. Rxf7 Be7 23. Be2 Ne5 24. Rb6+ Nc6 25. c4 Qa3 26. Rxc6+ Kxc6 27. Qe8+ Bd7 28. Qxe7 Qxe7 29. Rxe7 Rf8 30. h4 b6 31. Rg7 Kd6 32. Rg6 e3 33. Rg3 Rf4 34. Rxe3 Rxh4 35. Kf2 Bc6 36. Ra3 a5 37. Rd3+ Kc7 38. Re3 Rf4+ 39. Ke1 Kd6 40. g4 Re4 41. Rb3 Kc5 42. Kd2 Rd4+ 43. Ke3 Rd6 44. Rb1 Bd7 45. Bd3 e5 46. Rb2 Rf6 47. a3 Rf8 48. Rb1 Rg8 49. Bf5 Bc6 50. Rb2 Rf8 51. Rh2 Rf6 52. Kd3 Rd6+ 53. Kc3 e4 54. Rh3 Rd3+ 55. Rxd3 exd3 56. Bxd3 Bd7 0-1

[Event "BI-2011-F-00003"]
[Site "LSS email"]
[Date "2012.02.12"]
[Round "?"]
[White "Saganauer, Richard"]
[Black "Filippov, Dmitry"]
[Result "1/2-1/2"]
[WhiteElo "1612"]
[BlackElo "1673"]
[PlyCount "64"]
[EventDate "2012.02.15"]
[EventType "tourn (corr)"]
[EventRounds "10"]
[EventCountry "GER"]
[SourceTitle "Telechess CBM 165"]
[Source "ChessBase"]
[SourceDate "2015.03.11"]
[SourceVersion "1"]
[SourceVersionDate "2015.03.11"]
[SourceQuality "1"]

1. e4 c5 2. c3 Nf6 3. e5 Nd5 4. d4 cxd4 5. Nf3 Nc6 6. cxd4 d6 7. Bc4 Nb6 8. Bb5 dxe5 9. Nxe5 Bd7 10. Nxd7 Qxd7 11. Nc3 e6 12. 0-0 a6 13. Bxc6 Qxc6 14. Bf4 Nd5 15. Be5 Bd6 16. Ne4 Bxe5 17. dxe5 0-0 18. Qd4 Rfc8 19. Nd6 Qc5 20. Qxc5 Rxc5 21. Rfc1 Rxc1+ 22. Rxc1 Kf8 23. g3 Ke7 24. a3 b6 25. Ne4 f6 26. exf6+ gxf6 27. Kf1 h5 28. Ke2 Rh8 29. Nc3 Rd8 30. Rc2 Nxc3+ 31. Rxc3 Rd5 32. f4 a5 1/2-1/2

[Event "CP-2011-P-00065"]
[Site "LSS email"]
[Date "2011.09.30"]
[Round "?"]
[White "Dard, Michel"]
[Black "Filippov, Dmitry"]
[Result "1/2-1/2"]
[WhiteElo "2179"]
[BlackElo "1583"]
[PlyCount "63"]
[EventDate "2011.10.01"]
[EventType "tourn (corr)"]
[EventRounds "6"]
[EventCountry "GER"]
[SourceTitle "Telechess CBM 153"]
[Source "ChessBase"]
[SourceDate "2013.03.14"]
[SourceVersion "1"]
[SourceVersionDate "2013.03.14"]
[SourceQuality "1"]

1. Nf3 Nf6 2. c4 e6 3. Nc3 c5 4. g3 b6 5. Bg2 Bb7 6. 0-0 Be7 7. b3 0-0 8. Bb2 a6 9. e3 d6 10. d4 Ne4 11. Nxe4 Bxe4 12. Ne1 Bxg2 13. Nxg2 cxd4 14. exd4 b5 15. Ne3 Nd7 16. Rc1 bxc4 17. bxc4 Rb8 18. Bc3 Bg5 19. Qd3 Qc7 20. f4 Bf6 21. f5 Bg5 22. fxe6 fxe6 23. Rxf8+ Rxf8 24. Bd2 Qb6 25. Ng4 Bxd2 26. Qxd2 h5 27. Nf2 e5 28. c5 dxc5 29. dxc5 Nxc5 30. Qe3 Nd7 31. Qxb6 Nxb6 32. Rc5 1/2-1/2

[Event "BI-2011-P-00016"]
[Site "LSS email"]
[Date "2011.04.17"]
[Round "?"]
[White "Filippov, Dmitry"]
[Black "Cvak, Rudolf"]
[Result "1-0"]
[WhiteElo "1486"]
[BlackElo "1917"]
[PlyCount "68"]
[EventDate "2011.04.20"]
[EventType "tourn (corr)"]
[EventRounds "10"]
[EventCountry "GER"]
[SourceTitle "Telechess CBM 149"]
[Source "ChessBase"]
[SourceDate "2012.07.17"]
[SourceVersion "1"]
[SourceVersionDate "2012.07.17"]
[SourceQuality "1"]

1. d4 Nf6 2. c4 g6 3. Nc3 Bg7 4. e4 d6 5. Nf3 0-0 6. Be2 e5 7. 0-0 Nc6 8. d5 Ne7 9. b4 Nh5 10. Re1 f5 11. Ng5 Nf6 12. f3 Kh8 13. Ne6 Bxe6 14. dxe6 fxe4 15. fxe4 Re8 16. Rf1 Qc8 17. Bg5 Nfg8 18. Nd5 h6 19. Bxe7 Nxe7 20. Qd2 c6 21. Nf6 Qxe6 22. Bg4 Qxc4 23. Nxe8 Rxe8 24. Qxd6 Qxe4 25. Qd7 Qd4+ 26. Qxd4 exd4 27. Rae1 d3 28. Rf7 Bf8 29. Rxf8+ Rxf8 30. Rxe7 Rf4 31. Bf3 Rxb4 32. Kf2 Rb2+ 33. Ke3 d2 34. a4 Kg8 1-0

[Event "BI-2011-P-00016"]
[Site "LSS email"]
[Date "2011.04.17"]
[Round "?"]
[White "Lombart, Philippe"]
[Black "Filippov, Dmitry"]
[Result "1/2-1/2"]
[WhiteElo "1948"]
[BlackElo "1486"]
[PlyCount "86"]
[EventDate "2011.04.20"]
[EventType "tourn (corr)"]
[EventRounds "10"]
[EventCountry "GER"]
[SourceTitle "Telechess CBM 149"]
[Source "ChessBase"]
[SourceDate "2012.07.17"]
[SourceVersion "1"]
[SourceVersionDate "2012.07.17"]
[SourceQuality "1"]

1. d4 Nf6 2. c4 e6 3. Nc3 Bb4 4. Qc2 0-0 5. e4 d5 6. e5 Ne4 7. Bd3 c5 8. cxd5 exd5 9. Nge2 cxd4 10. Nxd4 Nd7 11. f4 Qh4+ 12. g3 Qh3 13. Bf1 Qh6 14. Bg2 Qa6 15. Nde2 Nb6 16. Bxe4 dxe4 17. Qxe4 Nc4 18. b3 b5 19. bxc4 Bb7 20. cxb5 Qxb5 21. Kf2 Qb6+ 22. Be3 Bxe4 23. Bxb6 Bxh1 24. Bxa7 Rxa7 25. Rxh1 Bxc3 26. Nxc3 Rc8 27. Rb1 Ra3 28. Ne2 Rxa2 29. Rb3 h5 30. Re3 f5 31. Kf3 Rcc2 32. h3 Rd2 33. Kf2 Kf7 34. Kf3 Ke6 35. Kf2 Rd1 36. Kf3 Rad2 37. Kf2 Rd3 38. h4 R1d2 39. Rxd3 Rxd3 40. Ng1 Rb3 41. Nf3 Rb4 42. Ke3 Re4+ 43. Kf2 Ra4 1/2-1/2

[Event "ZN-2011-0-01323"]
[Site "LSS email"]
[Date "2011.02.10"]
[Round "?"]
[White "Filippov, Dmitry"]
[Black "Razumov, Aleksandr Nikolaevi"]
[Result "1-0"]
[WhiteElo "1204"]
[BlackElo "1175"]
[PlyCount "73"]
[EventDate "2011.02.08"]
[EventType "match (corr)"]
[EventRounds "2"]
[EventCountry "GER"]
[SourceTitle "Telechess CBM 145"]
[Source "Chessbase"]
[SourceDate "2011.11.11"]
[SourceVersion "1"]
[SourceVersionDate "2011.11.11"]
[SourceQuality "1"]

1. d4 f5 2. g3 e6 3. Bg2 Nf6 4. c4 Bb4+ 5. Nd2 Nc6 6. a3 Be7 7. e3 0-0 8. Ne2 a5 9. 0-0 d5 10. b3 Qd7 11. Bb2 b6 12. Qc2 Bb7 13. Rac1 Rad8 14. Nf4 dxc4 15. bxc4 g5 16. Nd3 h6 17. Rfe1 Kh7 18. Rcd1 Kg8 19. Qc3 a4 20. d5 exd5 21. cxd5 Ba6 22. h3 Bxd3 23. Qxd3 Na5 24. e4 Nh5 25. Bf3 Nf6 26. exf5 Nb7 27. Qc3 Nc5 28. Ne4 Qxf5 29. d6 Ncxe4 30. Qc4+ Kh7 31. dxe7 Qxf3 32. Qc2 Rxd1 33. exf8N+ Kg8 34. Rxd1 Kxf8 35. Rd3 Qf5 36. Bxf6 Qxf6 37. Kg2 1-0

[Event "OP-2011-0-01398"]
[Site "LSS email"]
[Date "2011.02.08"]
[Round "?"]
[White "Owens, Johnny"]
[Black "Filippov, Dmitry"]
[Result "1/2-1/2"]
[WhiteElo "1913"]
[BlackElo "1476"]
[PlyCount "75"]
[EventDate "2011.02.03"]
[EventType "tourn (corr)"]
[EventRounds "4"]
[EventCountry "GER"]
[SourceTitle "Telechess CBM 151"]
[Source "ChessBase"]
[SourceDate "2012.11.13"]
[SourceVersion "1"]
[SourceVersionDate "2012.11.13"]
[SourceQuality "1"]

1. d4 Nf6 2. Nf3 e6 3. Bf4 c5 4. e3 d5 5. c3 Nc6 6. Bd3 Nh5 7. dxc5 Nxf4 8. exf4 Bxc5 9. 0-0 0-0 10. Nbd2 a6 11. Nb3 Ba7 12. Re1 Qf6 13. Qd2 Rd8 14. Nbd4 Bd7 15. Ne5 Nxd4 16. cxd4 Rac8 17. g3 Be8 18. Qb4 Rc7 19. Rac1 Rdc8 20. Rxc7 Rxc7 21. Nf3 g6 22. Kg2 Qd8 23. a3 Kg7 24. Re2 Bd7 25. h4 h5 26. Qd6 Rc8 27. Rc2 Ba4 28. Qxd8 Rxd8 29. Rc3 Bb6 30. Kf1 f6 31. Ke2 Kf7 32. Ke3 Re8 33. Kd2 Kg7 34. Ke2 Ba5 35. Rc5 Bb6 36. Rc3 Ba5 37. Rc5 Bb6 38. Rc3 1/2-1/2

[Event "SN-2011-0-00308"]
[Site "LSS email"]
[Date "2011.01.27"]
[Round "?"]
[White "Filippov, Dmitry"]
[Black "Nistri, Paolo"]
[Result "1-0"]
[WhiteElo "1351"]
[BlackElo "971"]
[PlyCount "43"]
[EventDate "2011.01.15"]
[EventType "tourn (corr)"]
[EventRounds "6"]
[EventCountry "GER"]
[SourceTitle "Corr 2013"]
[Source "ChessBase"]
[SourceDate "2012.11.12"]
[SourceVersion "1"]
[SourceVersionDate "2012.11.12"]
[SourceQuality "1"]

1. d4 d5 2. c4 c6 3. Nc3 Nf6 4. Nf3 g6 5. e3 Bg7 6. h3 0-0 7. Bd3 Nbd7 8. 0-0 Re8 9. cxd5 cxd5 10. Bd2 a6 11. Qb3 e6 12. Rfc1 b5 13. a4 bxa4 14. Qxa4 Bb7 15. Ne2 e5 16. Ba5 Qb8 17. Bc7 Qa7 18. Nxe5 Nxe5 19. dxe5 Ne4 20. Bxe4 dxe4 21. Nd4 Bxe5 22. Nb5 1-0

[Event "SN-2011-0-00308"]
[Site "LSS email"]
[Date "2011.01.26"]
[Round "?"]
[White "Filippov, Dmitry"]
[Black "Pehl, Ferenc"]
[Result "1-0"]
[WhiteElo "1351"]
[BlackElo "799"]
[PlyCount "27"]
[EventDate "2011.01.15"]
[EventType "tourn (corr)"]
[EventRounds "6"]
[EventCountry "GER"]
[SourceTitle "Corr 2015"]
[Source "ChessBase"]
[SourceDate "2015.07.17"]
[SourceVersion "1"]
[SourceVersionDate "2015.07.17"]
[SourceQuality "1"]

1. d4 Nf6 2. c4 e6 3. Nc3 d5 4. cxd5 Nxd5 5. e4 Nxc3 6. bxc3 Be7 7. Bd3 0-0 8. Nf3 c6 9. e5 Nd7 10. Qc2 h6 11. 0-0 Nb6 12. Qe2 Na4 13. Bc2 Nxc3 14. Qd3 1-0

[Event "SN-2011-0-00308"]
[Site "LSS email"]
[Date "2011.01.26"]
[Round "?"]
[White "Smith, Harry E"]
[Black "Filippov, Dmitry"]
[Result "0-1"]
[WhiteElo "552"]
[BlackElo "1351"]
[PlyCount "68"]
[EventDate "2011.01.15"]
[EventType "tourn (corr)"]
[EventRounds "6"]
[EventCountry "GER"]
[SourceTitle "Telechess CBM 147"]
[Source "ChessBase"]
[SourceDate "2012.03.16"]
[SourceVersion "1"]
[SourceVersionDate "2012.03.16"]
[SourceQuality "1"]

1. e4 c5 2. Nf3 Nc6 3. g3 g6 4. d3 Bg7 5. Bg2 d6 6. Na3 Nf6 7. Bg5 0-0 8. 0-0 h6 9. Bxf6 Bxf6 10. Nc4 b5 11. Ncd2 Bxb2 12. Rb1 Bg7 13. Rxb5 Nb4 14. a3 a6 15. Rxb4 cxb4 16. axb4 Rb8 17. c3 Bxc3 18. Qb3 Bxd2 19. Nxd2 a5 20. b5 Ba6 21. h4 Bxb5 22. Nf3 Qc7 23. Rd1 a4 24. Qa3 Rfc8 25. Bh3 Qc3 26. Qa2 Rc5 27. d4 Qxf3 28. dxc5 Qxd1+ 29. Kg2 Bf1+ 30. Kh2 Bxh3 31. Kxh3 Qh1+ 32. Kg4 e5 33. cxd6 Kg7 34. Qxa4 h5+ 0-1

[Event "OP-2011-0-01373"]
[Site "LSS email"]
[Date "2011.01.15"]
[Round "?"]
[White "Filippov, Dmitry"]
[Black "Hammerschmidt, Volker"]
[Result "1-0"]
[WhiteElo "1351"]
[BlackElo "1435"]
[PlyCount "113"]
[EventDate "2011.01.09"]
[EventType "tourn (corr)"]
[EventRounds "4"]
[EventCountry "GER"]
[SourceTitle "Corr 2013"]
[Source "ChessBase"]
[SourceDate "2012.11.12"]
[SourceVersion "1"]
[SourceVersionDate "2012.11.12"]
[SourceQuality "1"]

1. d4 Nf6 2. c4 e6 3. Nc3 Bb4 4. Qc2 c5 5. dxc5 0-0 6. Nf3 Na6 7. g3 Nxc5 8. Bg2 Nce4 9. 0-0 Nxc3 10. bxc3 Be7 11. e4 d6 12. e5 dxe5 13. Nxe5 Nd7 14. Nxd7 Bxd7 15. Bxb7 Rb8 16. Be4 f5 17. Bf3 Qc7 18. Qe2 e5 19. Bd5+ Kh8 20. Be3 Bf6 21. Rab1 f4 22. Rxb8 Qxb8 23. Bc5 Rd8 24. gxf4 exf4 25. Qf3 Qe5 26. Bd4 Qg5+ 27. Kh1 Bxd4 28. cxd4 Qf6 29. Qc3 Qa6 30. f3 Bh3 31. Rg1 Qd6 32. Rg5 Qh6 33. Re5 Qg6 34. Qd2 h6 35. Be4 Qa6 36. Bd3 Kg8 37. Qe1 Qa4 38. Re7 Rf8 39. Qe2 Kh8 40. Kg1 a5 41. Bg6 Kg8 42. Bc2 Qa3 43. c5 Qc1+ 44. Qd1 Qb2 45. Qd3 Qa1+ 46. Kf2 Bf5 47. Qc4+ Kh8 48. Bxf5 Rxf5 49. Re1 Qb2+ 50. Re2 Qa1 51. Re8+ Kh7 52. h4 Qh1 53. c6 Qh2+ 54. Kf1 Qh3+ 55. Ke2 Qg2+ 56. Ke1 Qg1+ 57. Kd2 1-0

[Event "OP-2011-0-01373"]
[Site "LSS email"]
[Date "2011.01.15"]
[Round "?"]
[White "Filippov, Dmitry"]
[Black "Tamashiro, Ariel"]
[Result "1-0"]
[WhiteElo "1351"]
[BlackElo "1229"]
[PlyCount "91"]
[EventDate "2011.01.09"]
[EventType "tourn (corr)"]
[EventRounds "4"]
[EventCountry "GER"]
[SourceTitle "Corr 2013"]
[Source "ChessBase"]
[SourceDate "2012.11.12"]
[SourceVersion "1"]
[SourceVersionDate "2012.11.12"]
[SourceQuality "1"]

1. d4 Nf6 2. c4 e6 3. Nc3 Bb4 4. Qc2 0-0 5. a3 Bxc3+ 6. Qxc3 b6 7. Bg5 Bb7 8. e3 d6 9. Ne2 Nbd7 10. Qc2 c5 11. Rd1 Qe7 12. Nc3 cxd4 13. Rxd4 Rfd8 14. f3 h6 15. Bh4 Ne5 16. Be2 Ng6 17. Bf2 e5 18. Rd1 d5 19. 0-0 dxc4 20. Bxc4 Rxd1 21. Rxd1 Rc8 22. Qb3 e4 23. f4 Qc7 24. Rd4 a6 25. a4 Rf8 26. Be2 Ne7 27. Bh4 Nf5 28. Bxf6 gxf6 29. Rc4 Qd6 30. Kf2 Re8 31. g4 Ng7 32. Qb4 Qxb4 33. Rxb4 Re6 34. f5 Rd6 35. Nxe4 Bxe4 36. Rxe4 Rd2 37. Rd4 Rxb2 38. Rd8+ Kh7 39. Rf8 b5 40. axb5 axb5 41. Rxf7 b4 42. e4 b3 43. Rxf6 Rc2 44. Rb6 b2 45. Ke3 Rc3+ 46. Bd3 1-0

[Event "Kimry Rating op 35th"]
[Site "Kimry"]
[Date "2007.06.03"]
[Round "7"]
[White "Filippov, Dmitry"]
[Black "Krasnikov, Alexandr"]
[Result "1/2-1/2"]
[WhiteElo "1873"]
[BlackElo "2011"]
[PlyCount "77"]
[EventDate "2007.05.28"]
[EventType "swiss"]
[EventRounds "7"]
[EventCountry "RUS"]
[SourceTitle "EXT 2008"]
[Source "ChessBase"]
[SourceDate "2007.11.25"]
[SourceVersion "1"]
[SourceVersionDate "2007.11.25"]
[SourceQuality "1"]

1. e4 c5 2. Nf3 e6 3. d4 d5 4. exd5 exd5 5. Qe2+ Be6 6. dxc5 Qa5+ 7. Bd2 Qxc5 8. Qb5+ Qxb5 9. Bxb5+ Nc6 10. Ne5 Rc8 11. 0-0 Bd6 12. Nxc6 bxc6 13. Bd3 Nf6 14. Nc3 0-0 15. Bg5 Nd7 16. Bh4 Rb8 17. Rab1 Be5 18. Bg3 Rb7 19. Bxe5 Nxe5 20. Rfe1 Nxd3 21. cxd3 Rd8 22. b3 Bf5 23. Rbd1 h6 24. Rd2 Rb6 25. Re7 Rd7 26. Rxd7 Bxd7 27. Re2 Be6 28. d4 Rb8 29. h3 Rc8 30. Na4 Kf8 31. Nc5 Ke7 32. Kf1 Rb8 33. Ke1 Kd6 34. Kd2 Bf5 35. Kc3 Be6 36. Na6 Rb6 37. Nc5 Bd7 38. Na4 Rb8 39. Nc5 1/2-1/2

[Event "Kimry Rating op 33rd"]
[Site "Kimry"]
[Date "2007.01.21"]
[Round "2"]
[White "Filippov, Dmitry"]
[Black "Lashkov, Vladimir"]
[Result "0-1"]
[WhiteElo "1887"]
[BlackElo "1993"]
[PlyCount "128"]
[EventDate "2007.01.21"]
[EventType "swiss"]
[EventRounds "7"]
[EventCountry "RUS"]
[SourceTitle "EXT 2010"]
[Source "ChessBase"]
[SourceDate "2010.11.25"]
[SourceVersion "1"]
[SourceVersionDate "2010.11.25"]
[SourceQuality "1"]

1. e4 g6 2. d4 Bg7 3. Nf3 d6 4. Nc3 a6 5. Bc4 b5 6. Bb3 h6 7. Be3 Bg4 8. h3 Bd7 9. e5 Qc8 10. exd6 cxd6 11. Bd5 Ra7 12. Be4 e6 13. Qd2 b4 14. Ne2 a5 15. Rb1 Ne7 16. d5 Rc7 17. Bb6 Rb7 18. dxe6 Bxe6 19. Bxb7 Qxb7 20. Qxd6 Nbc6 21. Qc7 Qxc7 22. Bxc7 Kd7 23. Bg3 Bxa2 24. Rd1+ Kc8 25. b3 a4 26. bxa4 Nd5 27. Nf4 Re8+ 28. Kf1 Bc4+ 29. Kg1 Nc3 30. Rc1 g5 31. Nh5 Ne2+ 32. Kh2 Bb2 33. Rb1 Bc3 34. Rbd1 f5 35. Rd6 Kb7 36. Rd7+ Ka6 37. Bc7 Be6 38. Rd6 Kb7 39. Bd8 Nxd8 40. Ng3 g4 41. Nxe2 gxf3 42. Nxc3 bxc3 43. gxf3 Nc6 44. Re1 Nd8 45. a5 Kc7 46. Rb6 Nc6 47. Re3 Kd6 48. Rxc3 Bd5 49. a6 Ra8 50. Rd3 Kc5 51. Rb1 Rxa6 52. Rc1 Ne5 53. Rc3+ Kd6 54. Kg3 Ra4 55. f4 Ng6 56. Rc8 Nxf4 57. Re1 Nh5+ 58. Kh2 Rf4 59. Rd8+ Kc5 60. Rc8+ Bc6 61. Re2 Rf3 62. Rg8 Nf4 63. Re5+ Kd4 64. Rxf5 Rxh3+ 0-1